Patagónia po roku

Bibliographic Details
Main Author: Garibotti, Rolando (Author)
Format: Article
Language:Slovak
PhysicalDescription:Fotogr.
ISSN:1335-3896
Subjects:

MARC

LEADER 00000nab a2200000 a 4500
001 vtls000851628
003 SK-MaSNL
005 20260304120011.0
008 250429c2003 xo 0 slo
015 |a SNBRB2003/11-31733 
035 |a CLN000203283 
035 |a urn:nbn:sk:snk-abr3a 
035 |a (urnnbn)urn:nbn:sk:snk:ar-a043ye 
035 |a (uuid)c12c68f6-1a6d-4817-8e61-990a414bafe7 
040 |a SNKBUCL  |b slo  |c SNKBUCL  |e AACR2 
041 0 |a slo 
044 |a xo  |c SK 
080 |a 796.524(238.16)  |2 1997 
100 1 |a Garibotti, Rolando  |4 aut  |9 1121490 
245 1 0 |a Patagónia po roku  |c Rolando Garibotti 
300 |b Fotogr. 
650 0 7 |a horolezectvo  |z Patagónia (Andy)  |2 snkbucl  |9 1423260 
651 7 |a Patagónia (Argentína, Čile)  |2 snkbucl  |9 1062358 
655 7 |a články z novín a časopisov  |2 snkbucl  |9 267496 
773 0 |t Jamesák  |g Roč. 35, č. 5 (2003), s. 30-33  |x 1335-3896 
850 |a Slovenská národná knižnica 
852 |a Slovenská národná knižnica 
954 |a odborná, vedecká literatúra pôvodná (slovenská)  |2 lita 
958 |a article27 
958 |a OND 
958 |a EUIPO 
992 |a RBX 
999 |c 2878298  |d 2880228